Which Country Has the Bigger Military? #1 - Statistics

General Stats
  • This quiz has been taken 11 times
  • The average score is 8 of 15
Answer Stats
Question Answer % Correct
Which country has the bigger military? Russia
100%
Which country has the bigger military? China
91%
Which country has the bigger military? Iran
91%
Which country has the bigger military? Turkey
82%
Which country has the bigger military? Georgia
73%
Which country has the bigger military? Democratic Republic of the Congo
64%
Which country has the bigger military? Afghanistan
55%
Which country has the bigger military? Mexico
36%
Which country has the bigger military? Nepal
36%
Which country has the bigger military? Belgium
27%
Which country has the bigger military? Germany
27%
Which country has the bigger military? Indonesia
27%
Which country has the bigger military? Poland
27%
Which country has the bigger military? Sri Lanka
18%
Which country has the bigger military? Taiwan
18%
No matching quizzes found
Score Distribution
Percent of People with Each Score
Percentile by Number Answered
Your Score History
You have not taken this quiz